000 00778nam a2200289Ia 4500
005 20260324120431.0
008 008 260324s9999 xx 000 0 eng d
020 _a9781003192336
037 _aEBOOK
040 _aCRL
040 _beng
040 _cCRL
041 _2eng
041 _aeng
084 _qCRL
100 _aMichael Kassler
_91158514
245 4 _aThe Memoirs of Charlotte Papendiek (1765–1840): Court, Musical and Artistic Life in the Time of King George III
245 0 _bMemoirs of the Court of George III, Volume 1
260 _bTaylor and Francis
260 _c2015
365 _a
365 _b240
856 _uhttp://www.taylorfrancis.com/books/9781003192336
942 _cEBOOK
999 _c1750083
_d1750083